| 000 | 00457nam a2200169Ia 4500 | ||
|---|---|---|---|
| 008 | 240729s9999 xx 000 0 und d | ||
| 022 | _a2425-0147 | ||
| 245 | 0 | _aSoutheast of Now | |
| 260 | _aSingapore | ||
| 260 | _bNational University of Singapore Press | ||
| 650 | _a Arts in general | ||
| 650 | _a History of the arts | ||
| 650 | _aFine Arts | ||
| 856 | _uhttps://doaj.org/toc/1454dc668ddf46e7bafcde14193e327d | ||
| 942 | _2ddc | ||
| 942 | _cDOAJEJ | ||
| 999 |
_c66824 _d66824 |
||
| 945 |
_a1 _bMadushi Gamage _c1 _dMadushi Gamage |
||